000 00404nam a2200169Ia 4500
008 090711s9999 xx 000 0 und d
082 _b76813
100 _aअनुराधा
245 _aघातकी
260 _c1995
300 _a188
600 _aअनुराधा
630 _aघातकी
700 _aअनुराधा
730 _aघातकी
942 _cBOOK
999 _c334353
_d334353